<?xml version="1.0" encoding="UTF-8"?>
<record
    xmlns:xsi="http://www.w3.org/2001/XMLSchema-instance"
    xsi:schemaLocation="http://www.loc.gov/MARC21/slim http://www.loc.gov/standards/marcxml/schema/MARC21slim.xsd"
    xmlns="http://www.loc.gov/MARC21/slim">

  <leader>01889nam a22001817a 4500</leader>
  <datafield tag="952" ind1=" " ind2=" ">
    <subfield code="0">0</subfield>
    <subfield code="1">0</subfield>
    <subfield code="4">0</subfield>
    <subfield code="7">0</subfield>
    <subfield code="a">04</subfield>
    <subfield code="b">04</subfield>
    <subfield code="d">2013-07-22</subfield>
    <subfield code="l">17</subfield>
    <subfield code="m">1</subfield>
    <subfield code="o">C KGF3400 A28 2013</subfield>
    <subfield code="p">04 004246</subfield>
    <subfield code="r">2024-10-03</subfield>
    <subfield code="s">2017-09-13</subfield>
    <subfield code="t">1</subfield>
    <subfield code="w">2013-07-22</subfield>
    <subfield code="y">LB</subfield>
  </datafield>
  <datafield tag="999" ind1=" " ind2=" ">
    <subfield code="c">90237</subfield>
    <subfield code="d">90237</subfield>
  </datafield>
  <controlfield tag="008">130722t20012013m  A   | |||| 00| 0 spa d</controlfield>
  <datafield tag="020" ind1=" " ind2=" ">
    <subfield code="a">9786074064377</subfield>
  </datafield>
  <datafield tag="050" ind1=" " ind2="4">
    <subfield code="a">C KGF3400 </subfield>
    <subfield code="b">A28 2013</subfield>
  </datafield>
  <datafield tag="110" ind1=" " ind2=" ">
    <subfield code="a">M&#xE9;xico</subfield>
  </datafield>
  <datafield tag="245" ind1=" " ind2=" ">
    <subfield code="a">Agenda de salud 2013 </subfield>
    <subfield code="b"> : compendio de leyes, reglamentos y otras disposiciones conexas sobre la materia</subfield>
  </datafield>
  <datafield tag="250" ind1=" " ind2=" ">
    <subfield code="a">16a. edici&#xF3;n</subfield>
  </datafield>
  <datafield tag="260" ind1=" " ind2=" ">
    <subfield code="a">M&#xE9;xico </subfield>
    <subfield code="b"> : Ediciones Fiscales ISEF</subfield>
    <subfield code="c"> , 2013</subfield>
  </datafield>
  <datafield tag="300" ind1=" " ind2=" ">
    <subfield code="a">paginaci&#xF3;n varia.  </subfield>
    <subfield code="c"> ; 20 cm.</subfield>
  </datafield>
  <datafield tag="505" ind1=" " ind2=" ">
    <subfield code="a">Ley General de Salud ; Reglamento General Interior de la Secretear&#xED;a de Salud
Reglamento de la Ley General de Salud en Materia de Investigaci&#xF3;n para la Salud
Reglamento de la Ley General de Salud en Materia de Protecci&#xF3;n Social en Salud
Reglamento de la Ley General de Salud en Materia de Publicidad
Reglamento de la Ley General de Salud en Materia de Prestaci&#xF3;n de Servicios de Atenci&#xF3;n M&#xE9;dica
Ley de Salud para el D.F. 
Ley General de Salud
Reglamento de la Ley General de Salud en Materia de Control Sanitario de la Disposici&#xF3;n de &#xD3;rganos, Tejidos y Cad&#xE1;veres de Seres Humanos
Reglamento Interno del Consejo Nacional de Trasplantes
Reglamento Interno de la Comisi&#xF3;n Nacional de Arbitraje M&#xE9;dico
Reglamento de Control Sanitario de Productos y Servicios
Reglamento de Mercados
Reglas para la operaci&#xF3;n y desarrollo del Ramo de Salud
Ley de los Institutos de Salud 
Ley de Asistencia Social
Ley de Bioseguridad de Organismos Gen&#xE9;ticamente Modificados 
Ley General de control de tabaco ; Ley de Voluntad Anticipada para el D.F.
Ley de Protecci&#xF3;n a la Salud de los No Fumadores en el D. F. 
Ley General de prestaci&#xF3;n de Servicios para la Atenci&#xF3;n, Cuidado y desarrollo Integral Infantil
Decreto por el que se Establece el Sistema de cartillas Nacionales de Salud</subfield>
  </datafield>
  <datafield tag="519" ind1=" " ind2=" ">
    <subfield code="a">Material Complementario /</subfield>
    <subfield code="d">(04 004246)</subfield>
  </datafield>
  <datafield tag="650" ind1=" " ind2="0">
    <subfield code="a">SALUD P&#xDA;BLICA</subfield>
    <subfield code="z">M&#xC9;XICO</subfield>
    <subfield code="x">LEYES Y LEGISLACI&#xD3;N</subfield>
  </datafield>
  <datafield tag="942" ind1=" " ind2=" ">
    <subfield code="c">LB</subfield>
  </datafield>
</record>
